Bienvenue au Catalogue en Ligne des Bibliothèques de l'Universite du Burundi

Linear partial differential equations for scientists and engineers (Record no. 33486)

000 -GUIDE
Champ de contrôle de longueur fixe 00907nam a22002657a 4500
003 - IDENTITÉ DU NUMÉRO DE CONTRÔLE
Champ de contrôle BI-BuBU
008 - ÉLÉMENTS DE LONGUEUR FIXE - RENSEIGNEMENTS GÉNÉRAUX
Champ de contrôle de longueur fixe 160222s2007 xxu||||dr|||| 001 0 eng d
020 ## - INTERNATIONAL STANDARD BOOK NUMBER
ISBN 9780817643935
037 ## - SOURCE D'ACQUISITION
Source d'acquisition et du numéro d'inventaire Achat PARES
039 ## - NIVEAU DE CONTRÔLE BIBLIOGRAPHIQUE ET HISTORIQUE D'ENCODAGE [OBSOLETE]
Date creation 20160222103446.0
Nom catalographe Godeberthe Nsengimana
040 ## - SOURCE DU CATALOGAGE
Organisme qui a effectué le catalogage original BI-BuBU
Code de la langue utilisée dans le catalogage fre
Organisme qui a effectué la transcription BI-BuBU
041 0# - CODE DE LANGUE
Code de langue du texte/de la piste sonore ou du titre distinct eng
080 ## - INDICE DE LA CLASSIFICATION DÉCIMALE UNIVERSELLE (CDU)
Indice de la Classification décimale universelle 517.94
100 1# - VEDETTE PRINCIPALE - NOM DE PERSONNE
Code de relation aut
Nom de personne Myint,Tyn
245 10 - MENTION DU TITRE
Titre Linear partial differential equations for scientists and engineers
Mention de responsabilité, etc. Tyn Myint-U, Lokenath Debnath
250 ## - MENTION D'ÉDITION
Mention d'édition 4th ed
260 ## - PUBLICATION, DIFFUSION, ETC. (ADRESSE BIBLIOGRAPHIQUE)
Lieu de publication, diffusion, etc. Boston
Nom de l'éditeur, diffuseur, etc. Birkhäuser
Date of publication, distribution, etc 2007
300 ## - DESCRIPTION MATÉRIELLE
Collation 778 p.
Dimensions 24 cm.
504 ## - NOTE DE BIBLIOGRAPHIE ET INDEX.
Note de bibliographie et index. Bibliogr,Index
650 #7 - VEDETTE-MATIÈRE - NOM COMMUN
Source du terme BI-BuBU
Vedette de sujet ou vedette comportant un nom géographique Equation différentielle linéaire partielle.
9 (RLIN) 126209
700 1# - VEDETTE SECONDAIRE - NOM DE PERSONNE
Code de relation aut
Nom d'auteur Debnath,Lokenath
9 (RLIN) 126210
942 ## - ÉLÉMENTS D'ENTRÉE ADDITIONNELLE (KOHA)
Source de la classification ou du système de rangement
Type d item koha BOOK
Holdings
Statut de retrait Statut de perte Source de la classification ou du système de rangement Statut de déterioration Exclu du prêt Numéro d item Koha Localisation permanente Localisation actuelle Date d'acquisition Source d'acquisition Nombre de prêts Cote Code-barres Date last seen Prix en vigueur à partir du Type d item koha
          49218 Bibliothèque du Campus Rohero Bibliothèque du Campus Rohero 22/02/2016 Achat PARES   517.94 MYI 5010000172503 22/02/2016 22/02/2016 BOOK
© 2019-2026 - Bibliothèques de l'Université du Burundi |Tous droits réservés
home | Pour toute information urgente Contactez nous | tel whatsupp: +25779204313